Govt. of
Madhya Pradesh

Water Resources, Sustainable Livelihoods And EcoS̜ystem Services (Record no. 13625)

MARC details
000 -LEADER
fixed length control field 005390000a22001930004500
001 - CONTROL NUMBER
control field 001707
003 - CONTROL NUMBER IDENTIFIER
control field MACL
005 - DATE AND TIME OF LATEST TRANSACTION
control field 20150730180741.0
008 - FIXED-LENGTH DATA ELEMENTS--GENERAL INFORMATION
fixed length control field 150730b xxu||||| |||| 00| 0 eng d
040 ## - CATALOGING SOURCE
Original cataloging agency MACL
Transcribing agency MACL
041 ## - LANGUAGE CODE
Language code of text/sound track or separate title English
082 ## - DEWEY DECIMAL CLASSIFICATION NUMBER
Classification number 333/CHO
100 ## - MAIN ENTRY--PERSONAL NAME
Personal name Chopra, Kanchan
9 (RLIN) 2584
245 ## - TITLE STATEMENT
Title Water Resources, Sustainable Livelihoods And EcoS̜ystem Services
Statement of responsibility, etc. Kanchan Chopra
260 ## - PUBLICATION, DISTRIBUTION, ETC. (IMPRINT)
Place of publication, distribution, etc. New Delhi
Date of publication, distribution, etc. 2003
Name of publisher, distributor, etc. Indian Society For Ecological Economics,
350 ## - PRICE (NR) (BK AM CF MU VM SE) [OBSOLETE]
Price 575
650 ## - SUBJECT ADDED ENTRY--TOPICAL TERM
Topical term or geographic name as entry element Economics
9 (RLIN) 3636
942 ## - ADDED ENTRY ELEMENTS (KOHA)
Call number prefix 334
Koha item type Books
Source of classification or shelving scheme
Holdings
Withdrawn status Lost status Source of classification or shelving scheme Damaged status Not for loan Home library Current library Date acquired Cost, normal purchase price Total Checkouts Total Renewals Full call number Barcode Date last seen Date last checked out Uniform Resource Identifier Price effective from Koha item type
          MACL MACL 15/04/2015 575.00 1 1 333/CHO CRE017578 02/05/2024 26/05/2017 13502 15/04/2015 Books